000 00622nam a2200241Ia 4500
003 OSt
005 20220924145559.0
006 a|||||r|||| 00| 0
007 ta
008 220923b |||||||| |||| 00| 0 per d
024 _a329383
037 _cTextual
040 _aARTS
_cARTS
_bper
041 _2per
_aper
082 _aQ7v541, 164F5.1-.2
100 _aZaidan Jarji Au.
245 0 _aSalahuddin Ayyubi-o-bangyan
260 _c1925
650 _a SPAIN - HISTORY
650 _aISLAM
_9577
942 _hQ7v541, 164F5.1-.2
_cTEXL
_2CC
999 _c460518
_d460518